Boom amid gloom the spirit of possibility in the 21st century Gulf /

Bibliographic Details
Main Author: Janardhan, N.
Corporate Author: ProQuest (Firm)
Format: Electronic eBook
Language:English
Published: Reading, U.K. : Ithaca Press, 2011.
Edition:1st ed.
Subjects:
Online Access:Click to View
LEADER 01295nam a2200349 a 4500
001 EBC1764199
003 MiAaPQ
005 20200520144314.0
006 m o d |
007 cr cn|||||||||
008 110713s2011 enkad sb 001 0 eng d
020 |z 9780863723735 
020 |a 9780863723933 (electronic bk.) 
035 |a (MiAaPQ)EBC1764199 
035 |a (Au-PeEL)EBL1764199 
035 |a (CaPaEBR)ebr10480937 
035 |a (CaONFJC)MIL642543 
035 |a (OCoLC)887507059 
040 |a MiAaPQ  |c MiAaPQ  |d MiAaPQ 
043 |a ar----- 
050 4 |a HC415.3  |b .J36 2011 
100 1 |a Janardhan, N. 
245 1 0 |a Boom amid gloom  |h [electronic resource] :  |b the spirit of possibility in the 21st century Gulf /  |c N. Janardhan. 
250 |a 1st ed. 
260 |a Reading, U.K. :  |b Ithaca Press,  |c 2011. 
300 |a xx, 236 p. :  |b ill. 
504 |a Includes bibliographical references and index. 
533 |a Electronic reproduction. Ann Arbor, MI : ProQuest, 2015. Available via World Wide Web. Access may be limited to ProQuest affiliated libraries. 
651 0 |a Persian Gulf Region  |x Economic conditions  |y 21st century. 
655 4 |a Electronic books. 
710 2 |a ProQuest (Firm) 
856 4 0 |u https://ebookcentral.proquest.com/lib/matrademy/detail.action?docID=1764199  |z Click to View